01551nam a2200325 i 450000100060000000300090000600500170001500700030003200800410003502000180007608000310009408000170012524501150014226000340025730000400029149000260033150400320035750504620038965000330085165000320088465000330091665000290094965500300097870000340100870000430104270000460108570000460113183000260117785200220120353996ES-MaACL20250825062628.0t|031120s2002 sp f |||| |dspa d a84-9740-023-2 a821.134.2-34"18/19"(082.2) a791.43(0:82)00aCuentos de cine / cVicente Blasco Ibáñez ... [et al.] ; edición a cargo de Jesús Fernández Vallejo. aMadrid : bCastalia, c[2002] a209 p., [6] p. de lám. ; c19 cm.1 aCastalia prima ; v19 aBibliografía: p. 205-208.0 aLa vieja del cinema / Vicente Blasco Ibáñez . Una película del "Quijote" / Serafín y Joaquín Álvarez Quintero . Polar, estrella / Francisco Ayala . La oficina / Carmen Martín Gaite . Cinema Ideal / Rafael Azcona . El doble / Jesús Fernández Santos . El niño lobo del Cine Mari / José María Merino . Adiós, Antinea / Marina Mayoral . Un paciente impaciente / Gonzalo Suárez . Los mejores años de nuestra vida / José Luis Garci 4aCuentos españoles-yS.XIX. 4aCuentos españoles-yS.XX. 4aCuentos-vLibros infantiles. 4aCine-xEn la literatura. 7aLibros infantiles2tgfbne1 aFernández Vallejo, Jesús.1 aBlasco Ibáñez, Vicente,d1867-19281 aÁlvarez Quintero, Joaquín,d1873-19441 aÁlvarez Quintero, Serafín,d1871-19381 aCastalia prima ; v194 aES-MaACLjL-26681